| 000 | 00994cam a2200277 4500 | ||
|---|---|---|---|
| 999 |
_c4193 _d4193 |
||
| 001 | 2668750 | ||
| 003 | GBCCL | ||
| 005 | 20241126110513.0 | ||
| 008 | 730727t19741964pau bd 001 0 eng | ||
| 010 | _a 73012737 | ||
| 020 | _a0664209947 | ||
| 040 |
_aDLC _cDLC _dDLC |
||
| 050 | 0 | 0 |
_aPA881 _b.B29 |
| 082 | 0 | 0 |
_a225.48 _a487.4 _bBAR |
| 100 | 1 |
_aBarclay, William, _d1907-1978. _967 |
|
| 245 | 1 | 0 | _aNew Testament words. |
| 260 |
_aPhiladelphia, _bWestminster Press _c[1974, c1964] |
||
| 300 |
_a301 p. _c18 cm. |
||
| 350 | _a$3.95 | ||
| 500 | _a"Keyed to specific passages in the Daily study Bible series ... includes all the words originally explained in Dr. Barclay's A New Testament workbook and More New Testament words." | ||
| 630 | 0 | 0 |
_aBible. _pNew Testament _vDictionaries _xEnglish. _92952 |
| 650 | 0 |
_aGreek language, Biblical _xDictionaries _xEnglish. _91761 |
|
| 730 | 0 |
_aDaily study Bible series. _97977 |
|
| 906 |
_a7 _bcbc _corignew _d1 _eocip _f19 _gy-gencatlg |
||
| 942 |
_2ddc _cBK _01 |
||